Estudio dirigido de matemática 2 /
Guardado en:
| Autor Principal: | |
|---|---|
| Otros Autores: | , |
| Formato: | Libro |
| Publicado: |
Buenos Aires :
A-z,
1993
|
| Series: | Serie Plata
|
| Materias: | |
| Etiquetas: |
Agregar Etiqueta
Sin Etiquetas, Sea el primero en etiquetar este registro!
|
| LEADER | 01135nam a22002415a 4500 | ||
|---|---|---|---|
| 001 | CEM.cems017738 | ||
| 005 | 20120301123427.0 | ||
| 008 | 130507s1993##################000#0#####d | ||
| 003 | CEMS | ||
| 020 | |a 9505341075 | ||
| 082 | 0 | 4 | |a 510 |
| 100 | 1 | |a Englebert, Susana | |
| 245 | 1 | 0 | |a Estudio dirigido de matemática 2 / |c Susana Englebert, Stella Pedemonti y Susana Semino |
| 260 | |a Buenos Aires : |b A-z, |c 1993 | ||
| 300 | |a 540 p. | ||
| 490 | 0 | |a Serie Plata | |
| 500 | |a Para segundo año del Ciclo Básico | ||
| 505 | 0 | |a Revisión de operaciones con números enteros y racionales -- Expresiones decimales -- Relaciones y funciones -- Movimientos -- Polígonos -- Cuadriláteros -- SIMELA -- Razones y proporciones -- Proporcionalidad directa e inversa -- Porcentaje interés -- Repartición proporcional -- Puntos notables del triángulo -- Circunferencia y círculo -- Angulos inscriptos y seminscriptos -- Polígonos equivalentes -- Superficie | |
| 653 | |a Matemática | ||
| 653 | |a Matemática-2º esb | ||
| 700 | 1 | |a Pedemonti, Stella | |
| 700 | 1 | |a Semino, Susana | |
| 859 | |a CEMS |b BIB. CEMS - Agricultura |h 510 |i En35a4 |p A17857.94 |t Ej.1 |v 2 |3 2 | ||
